000 00445nam a2200181Ia 4500
005 20250423101050.0
008 250422s9999 xx 000 0 und d
020 _a9780131369375
050 _aTA 625 .K38/
245 0 _aSurveying with construction applications
250 _a7th ed.
260 _aNew Jersey
260 _bPearson Education
260 _c2010
300 _a685 p
650 _a Surveying.Building sites.
942 _cBK
999 _c35179
_d35179